|
|
|
|
| LEADER |
00000cam a2200000 7i4500 |
| 001 |
0000001749 |
| 005 |
20011113.0 |
| 090 |
0 |
0 |
|a FAO 338.47676
|b FOO 1978
|
| 110 |
1 |
0 |
|a Food and Agriculture Organization of the United Nations (FAO)
|
| 245 |
1 |
0 |
|a Projected pulp and paper mills in the world 1977-1987 :
|b information current as of June 1977
|
| 260 |
0 |
0 |
|a Rome :
|b Food and Agriculture Organization of the United Nations ,
|c 1978
|
| 300 |
|
|
|a 145 p. ;
|c 22 cm.
|
| 650 |
0 |
0 |
|a Paper making and trade
|x Statistics
|
| 650 |
0 |
0 |
|a Paper mills
|x Statistics
|
| 650 |
0 |
0 |
|a Pulp mills
|x Statistics
|
| 998 |
|
|
|a JPSM
|
| 999 |
|
|
|a 0000002714
|b Monograph
|c Open Shelf
|e Default branch
|